Piłkarze Jagiellonii Białystok z rundy wiosennej sezonu 2023/2024 - Statystyki

Ogólne statystyki
  • Ten quiz został rozwiązany 116 razy
  • Średni wynik to 16 z 30
Statystyki odpowiedzi
Pozycja Numer Kraj Piłkarz % Poprawnych
Bramkarz 1 Serbia (Niemcy) Zlatan Alomerović
86%
Ofensywny Pomocnik 11 Hiszpania Jesús Imaz
82%
Bramkarz 50 Polska Sławomir Abramowicz
78%
Defensywny Pomocnik 6 Polska Taras Romanczuk
78%
Lewy Obrońca 27 Polska Bartłomiej Wdowik
73%
Środkowy Obrońca 72 Polska Mateusz Skrzypczak
73%
Środkowy Obrońca 17 Hiszpania Adrián Diéguez
70%
Środkowy Napastnik 10 Angola (Francja) Afimico Pululu
70%
Prawy Obrońca 16 Czechy Michal Saček
67%
Defensywny Pomocnik 8 Portugalia Nené
66%
Prawy Napastnik 7 Polska Dominik Marczuk
65%
Lewy Obrońca 36 Polska Jakub Lewicki
63%
Lewy Napastnik 28 Hiszpania José Naranjo
60%
Lewy Napastnik 99 Norwegia Kristoffer Hansen
59%
Lewy Obrońca 5 Bośnia i Hercegowina (Serbia) Bojan Nastić
57%
Ofensywny Pomocnik 14 Polska Jarosław Kubicki
57%
Defensywny Pomocnik 39 Francja (Kamerun) Aurélien Nguiamba
53%
Środkowy Obrońca 4 Kosowo (Szwecja) Jetmir Haliti
53%
Środkowy Obrońca 3 Słowenia Dušan Stojinović
49%
Lewy Napastnik 77 Polska Wojciech Łaski
45%
Prawy Obrońca 19 Polska Paweł Olszewski
44%
Środkowy Napastnik 9 Niemcy (Turcja) Kaan Caliskaner
43%
Bramkarz 33 Polska Bartłomiej Żynel
42%
Środkowy Napastnik 51 Polska Alan Rybak
41%
Bramkarz 66 Polska Miłosz Piekutowski
38%
Prawy Napastnik 18 Polska Tomasz Kupisz
36%
Środkowy Napastnik 98 Brazylia (Włochy) Vinícius Matheus
32%
Ofensywny Pomocnik 21 Polska Krzysztof Toporkiewicz
17%
Lewy Napastnik 38 Polska Damian Wojdakowski
14%
Środkowy Obrońca 31 Polska Michał Ozga
10%
Nie znaleziono quizów pasujących do podanych kryteriów
Rozkład punktacji
Procent ludzi z każdym wynikiem
Percentyl według liczby udzielonych odpowiedzi
Twoja historia wyników
Nie rozwiązałeś tego quizu